Statistics for U.S. States with the Most Waterfalls

Click here to take the quiz!

General Stats

  • This quiz has been taken 66 times
  • The average score is 8 of 10

Answers on the Map

Answers color-coded by a green-red scale on the quiz's map according to % correct below.
 

Answer Stats

HintAnswer% Correct
3132Washington
98%
1057California
97%
1617Oregon
97%
945New York
92%
543Hawaii
83%
563Colorado
78%
700Tennessee
70%
528Wyoming
67%
884North Carolina
65%
673Kentucky
62%

Score Distribution

Percentile by Number Answered

Percent of People with Each Score

Your Score History

You have not taken this quiz